000 00659nam a2200229Ia 4500
003 OSt
005 20220926012332.0
006 a|||||r|||| 00| 0
007 ta
008 220923b |||||||| |||| 00| 0 eng d
037 _cGeneral Book
040 _aRTL
_cRTL
_beng
041 _2eng
_aeng
082 _aX:7, N5
100 _aDemsetz Harold
_9249866
245 0 _aEconomics of the business firm
_b Seven critical co
260 _aNew York
_bCambridge University Press U. S. A.
_c1995
300 _ax, 179p. Bibliography p.170-74
_ccm.
650 _aValue
942 _hX:7, N5
_cGB
_2CC
999 _c622569
_d622569